000 00482nam a22001697a 4500
005 20251108165954.0
008 250721s1997 xx 000 0 ara d
082 1 4 _aق/أحم
100 1 _aخلف، أحمد
245 1 0 _aفي ضلال المشكينو :
_bقصص /
264 1 _aعمان :
_bأزمنة للنشر و التوزيع،
_c1997.
300 _a92ص
650 1 7 _aالأدب القصصي
650 1 7 _aالأدب العربي
942 _2ddc
_cBK
999 _c36301
_d36301